000 00439nam a22001577a 4500
003 OSt
005 20230404110645.0
008 230404b |||||||| |||| 00| 0 eng d
020 _a978-1-61745-147-8
040 _cCML
082 _a747OLM
245 _aHAND PRINTING
_bA VISUAL GUIDE TO PRINTING ON ALMOST ANYTHING
_cBY OLMSTED, BETSY
260 _aCALIFORNIA
_bSTASH BOOKS
_c2016
300 _bchiefly ill.,111p.
942 _2ddc
_cBK
_k747
_mOLM
999 _c3999
_d3999